000
00237 a2200097 4500
001
46563
100
_a
Islahi, Sharf ud Din
245
_a
Urdu Sindhi key Lisani Rawabit
260
_a
Lahore
_b
Markazi Urdu Board
_c
090
_c
29671
_d
29671
942
_a
NUST-CAE
_c
M
_c
21859
999
_c
281636
_d
281636